000 00498nam a22001937a 4500
003 MPLRDC
005 20220104182041.0
008 210129b ||||| |||| 00| 0 eng d
020 _a967-974-762-X
082 _a859.6 PKM v.4
100 _aWAN ZAHARAH MEGAT HASHIM
245 _aTINGKATAN EMPAT DI SERI MELUR
_c
250 _a初版
260 _a
_bPENERBITAN KEMBANG MAJU
_c1995
300 _b
490 _aSIRI PELAJAR; 4
650 _aSASTERA KANAK-KANAK
942 _cBK
_o859.6 PKM v.4
999 _c61767
_d61757